Normal view
MARC view
- WAR AND PEACE.CAPTAIN COOK'S WAR AND PEACE.THE ROYAL NAVY YEARS, 1755-1768
Entry Topical Term
001 - CONTROL NUMBER
- control field: 68653
003 - CONTROL NUMBER IDENTIFIER
- control field: NUST
005 - DATE AND TIME OF LATEST TRANSACTION
- control field: 20210628204101.0
008 - FIXED-LENGTH DATA ELEMENTS
- fixed length control field: 210628|| aca||aabn | a|a d
040 ## - CATALOGING SOURCE
- Original cataloging agency: NUST
- Transcribing agency: NUST
150 ## - HEADING--TOPICAL TERM
- Topical term or geographic name entry element: WAR AND PEACE.CAPTAIN COOK'S WAR AND PEACE.THE ROYAL NAVY YEARS, 1755-1768
670 ## - SOURCE DATA FOUND
- Source citation: Work cat.: (NUST): Robson, John 68652, Captain cook's war and peace , the royal navy years, 1755-1768, 2009
